000 00593nam a2200253Ia 4500
005 20260306152739.0
008 008 260114s9999 xx 000 0 eng d
020 _a9781839371127
037 _aEBOOK
040 _aCRL
040 _beng
040 _cCRL
041 _2eng
041 _aeng
084 _qCRL
100 _aDave Rickman
_91124200
245 0 _aAdvances in Biogeography
260 _bBookfort
260 _c2022
856 _uhttps://www.asapglobe.com/searchtitles.aspx?query=9781839371127
942 _cEBOOK
999 _c1701369
_d1701369